000 01986nam0a2200421 4500
001 RU\NLR\bibl\1120261
005 20260408201630.0
010 _a978-5-91280-023-8
_9100
021 _aRU
_b2007-46752
_92487
035 _a(nilc)EL/0000127859
035 _a(NLR Aleph) 001107246
090 _a1215593
_c1215593
100 _a20070605d2007 |||y0rusy50 ca
101 0 _arus
102 _aRU
105 _aa |||||||||
200 1 _aУправление прибылью организаций торговли
_eмонография
_fЛ.Н. Гончаренко, Т.Б. Кувалдина, И.С. Метелев
_gФедер. агентство по образованию, Гос. образоват. учреждение высш. проф. образования Рос. гос. торг.-экон. ун-т, Ом. ин-т (фил.), Каф. бух. учета и аудита
210 _aОмск
_cОмский институт (филиал) РГТЭУ
_d2007
215 _a147 с.
_cил., табл.
_d21
320 _aБиблиогр.: с. 111-126 (226 назв.) и в тексте
606 _aТорговые предприятия
_xПрибыль
_xУправление
_3RU\NLR\auth\661474582
_92484415
610 1 _aТорговля
610 1 _aЦенообразование
610 1 _aПрибыль
610 1 _aУправление прибылью
686 _a65.9(2Рос)421-864-21
_vLBC/RL
_2rubbk
686 _a65.9(2Рос)421-861-21
_vLBC/RL
_2rubbk
686 _aУ42(2)1-86-21
700 1 _aГончаренко
_bЛ. Н.
_gЛариса Николаевна
_4070
701 1 _aКувалдина
_bТ. Б.
_gТатьяна Борисовна
_4070
701 1 _aМетелев
_bИ. С.
_gИгорь Сергеевич
_4070
801 0 _aRU
_bОмская ГОНБ
_c20070605
_grcr
801 1 _aRU
_bОмская ГОНБ
_c20070605
801 2 _aRU
_bNLR
_c20070823
_grcr
942 _cBOOK
980 _aNB
980 _aNBR